[Event "BSenEM 2014"]
[Site "Berlin"]
[Date "2014.02.04"]
[Round "6.57"]
[White "Klevenow, Ursula"]
[Black "Thur, Herbert"]
[Result "1-0"]
[WhiteElo "1404"]
[BlackElo "1332"]
[Annotator "Jaeger,André"]
[PlyCount "102"]
[EventDate "2014.01.30"]
[WhiteTeam "SK Tempelhof 1931 e.V."]
[BlackTeam "SF Friedrichshagen"]

1. d4 d5 2. Nf3 c6 3. Bf4 Bf5 4. e3 e6 5. Bd3 Nf6 6. O-O c5 7. Bb5+ Nc6 8. Ne5
Qb6 9. c4 a6 10. Bxc6+ bxc6 11. b3 cxd4 12. exd4 dxc4 13. Nxc4 Qa7 14. Nc3 Rd8
15. Be5 Nd7 16. Bd6 Nb6 17. Bxf8 Kxf8 18. Ne5 Rd6 19. Qf3 Nd5 20. Nxd5 cxd5 21.
Rac1 g6 22. Rc5 Kg7 23. Rfc1 Rb8 24. Nc6 Rxc6 25. Rxc6 Qxd4 26. Qc3 Qxc3 27.
R1xc3 Ra8 28. f3 h5 29. Kf2 e5 30. Rd6 Be6 31. Ke2 a5 32. Rc5 g5 33. h3 g4 34.
hxg4 hxg4 35. Kd2 gxf3 36. gxf3 a4 37. b4 e4 38. fxe4 dxe4 39. a3 Kf6 40. Ke3
Ke7 41. Rdc6 Rd8 42. Kxe4 f5+ 43. Ke3 Rd1 44. Rc1 Rd7 45. Rc7 Kd8 46. Rxd7+
Kxd7 47. Rc5 Kd6 48. Kf4 Bd7 49. Ra5 Kc7 50. Ke5 Kb6 51. Rd5 Bc8 {Rest unklar.}
1-0

[Event "BSenEM 2014"]
[Site "Berlin"]
[Date "2014.02.04"]
[Round "6.59"]
[White "Tuerk, Bernhard"]
[Black "Bolle, Dietrich"]
[Result "1/2-1/2"]
[WhiteElo "1294"]
[BlackElo "1371"]
[Annotator "Jaeger,André"]
[PlyCount "78"]
[EventDate "2014.01.30"]
[WhiteTeam "SC Eintracht Berlin e.V."]
[BlackTeam "SG Eckturm"]

1. d4 d5 2. c4 c6 3. cxd5 cxd5 4. Nc3 Nf6 5. h3 e6 6. a3 Be7 7. Nf3 O-O 8. e3
Nbd7 9. Bd3 a6 10. O-O Bd6 11. Re1 e5 12. dxe5 Nxe5 13. Be2 Ng6 14. Bd3 Be6 15.
Bxg6 fxg6 16. Ng5 Bf7 17. Kh1 h6 18. Nxf7 Rxf7 19. b4 Be5 20. Bb2 Bxc3 21. Bxc3
Ne4 22. Qd4 Nxf2+ 23. Kg1 Ne4 24. Bb2 Qf6 25. Qxf6 gxf6 26. Rad1 Rd8 27. Rd4 f5
28. Red1 Rfd7 29. h4 Kf7 30. Rf1 Ke6 31. Rf4 g5 32. hxg5 hxg5 33. Rf3 g4 34.
Rf4 Rh8 35. Rd1 Rdh7 36. Bxh8 Rxh8 37. Rc1 Ng3 38. Kf2 Ne4+ 39. Kg1 Ng3 1/2-1/2

[Event "BSenEM 2014"]
[Site "Berlin"]
[Date "2014.02.04"]
[Round "6.60"]
[White "Schulz, Manfred"]
[Black "Kuntosch, Peter"]
[Result "1-0"]
[WhiteElo "1370"]
[BlackElo "1200"]
[Annotator "Jaeger,André"]
[PlyCount "73"]
[EventDate "2014.01.30"]
[WhiteTeam "SK Tempelhof 1931 e.V."]
[BlackTeam "ohne Verein"]

1. d4 d5 2. Nf3 Nf6 3. e3 Nc6 4. Bd3 e6 5. Nbd2 Bd6 6. O-O O-O 7. c3 Re8 8. e4
dxe4 9. Nxe4 h6 10. Re1 b6 11. Nxf6+ Qxf6 12. Bb5 Bb7 13. Qa4 e5 14. Bxc6 Bxc6
15. Qxc6 e4 16. Ne5 Bxe5 17. Qxf6 Bxf6 18. Bf4 Re7 19. Re2 c6 20. Rae1 Rae8 21.
Rd1 Rd8 22. Kf1 Rd5 23. Red2 Red7 24. Be3 Bg5 25. Bxg5 Rxg5 26. Re2 f5 27. c4
Rg6 28. Red2 Rgd6 29. b4 c5 30. bxc5 bxc5 31. d5 Rb7 32. Ke2 Rb4 33. Rc2 Kf7
34. f3 exf3+ 35. Kxf3 g5 36. g3 Kf6 37. Re1 {Rest unklar.} 1-0

[Event "BSenEM 2014"]
[Site "Berlin"]
[Date "2014.02.04"]
[Round "6.61"]
[White "Walther, Lothar"]
[Black "Moeller, Dirk"]
[Result "0-1"]
[WhiteElo "1165"]
[BlackElo "1514"]
[Annotator "Jaeger,André"]
[PlyCount "46"]
[EventDate "2014.01.30"]
[WhiteTeam "SV Turbine Berlin e.V."]
[BlackTeam "SC Kreuzberg e.V."]

1. e4 e5 2. Nf3 Nc6 3. Bc4 Bc5 4. O-O Nf6 5. Nc3 d6 6. a3 Bg4 7. Be2 Qd7 8. b4
Bb6 9. Na4 Nxe4 10. Nxb6 axb6 11. h3 Bf5 12. Bb5 O-O-O 13. Bb2 f6 14. d3 Ng5
15. Nxg5 fxg5 16. Re1 h5 17. d4 Qf7 18. dxe5 Nxe5 19. Bxe5 dxe5 20. Qf3 g4 21.
hxg4 hxg4 22. Qg3 Qh5 23. Kf1 Rd2 0-1

[Event "BSenEM 2014"]
[Site "Berlin"]
[Date "2014.02.04"]
[Round "6.63"]
[White "Koppatsch, Juergen"]
[Black "Gnass, Erhard"]
[Result "1-0"]
[WhiteElo "1134"]
[BlackElo "1377"]
[Annotator "Jaeger,André"]
[PlyCount "59"]
[EventDate "2014.01.30"]
[WhiteTeam "SV Motor Wildau e.V."]
[BlackTeam "SK Zehlendorf e.V."]

1. e4 e5 2. Bc4 Nf6 3. Nc3 Be7 4. Nf3 d6 5. d3 c6 6. a3 O-O 7. O-O Nbd7 8. Be3
Nb6 9. Ba2 Bg4 10. h3 Bxf3 11. Qxf3 d5 12. d4 exd4 13. Bxd4 dxe4 14. Qe3 Nbd5
15. Qe1 Nxc3 16. Bxc3 Re8 17. Rd1 Qb6 18. Rd2 Rad8 19. Re2 Bf8 20. Bb3 c5 21.
Ba5 Qc6 22. Bxd8 Rxd8 23. c4 b6 24. Bc2 Re8 25. Qd1 Nd7 26. Rfe1 f5 27. Ba4 Qc7
28. Bxd7 Re7 29. Bxf5 Rf7 30. Be6 1-0

[Event "BSenEM 2014"]
[Site "Berlin"]
[Date "2014.02.04"]
[Round "6.64"]
[White "Helm, Irmgard"]
[Black "Scheumann, Joachim"]
[Result "1/2-1/2"]
[WhiteElo "1234"]
[BlackElo "1350"]
[Annotator "Jaeger,André"]
[PlyCount "60"]
[EventDate "2014.01.30"]
[WhiteTeam "TSG Oberschöneweide e.V."]
[BlackTeam "Godesberger SK 1929 e.V."]

1. e4 e5 2. Nf3 d6 3. h3 Nf6 4. Nc3 Be7 5. Bc4 O-O 6. d4 exd4 7. Nxd4 Nxe4 8.
Nxe4 d5 9. Bd3 dxe4 10. Bxe4 Re8 11. O-O Bf6 12. Bxh7+ Kh8 13. Qh5 Re5 14. Bf5+
Kg8 15. Qh7+ Kf8 16. Qh8+ Ke7 17. Qxd8+ Kxd8 18. Rd1 Rd5 19. Be3 Bxf5 20. Nxf5
Rxd1+ 21. Rxd1+ Ke8 22. Re1 Kd8 23. c3 Nd7 24. Bd4 g6 25. Bxf6+ Nxf6 26. Rd1+
Ke8 27. Re1+ Kf8 28. Nd4 c6 29. g4 Nd5 30. Re4 Re8 1/2-1/2

[Event "BSenEM 2014"]
[Site "Berlin"]
[Date "2014.02.04"]
[Round "6.65"]
[White "Paris, Gerhard"]
[Black "Tham, Franz"]
[Result "0-1"]
[WhiteElo "1345"]
[BlackElo "1273"]
[Annotator "Jaeger,André"]
[PlyCount "38"]
[EventDate "2014.01.30"]
[WhiteTeam "TSG Oberschöneweide e.V."]
[BlackTeam "TSG RW Fredersdorf/Vogelsdorf"]

1. e4 c5 2. Nc3 Nc6 3. g3 g6 4. Bg2 Bg7 5. d3 Nf6 6. Nge2 d6 7. Be3 O-O 8. Qd2
Ng4 9. O-O-O Nxe3 10. fxe3 Bg4 11. Rde1 Nb4 12. Kb1 Qa5 13. Qc1 Bxe2 14. a3
Nxd3 15. Qd2 Nxe1 16. Qxe1 Bc4 17. Nd5 Qxe1+ 18. Rxe1 Bxd5 19. exd5 Rab8 0-1

[Event "BSenEM 2014"]
[Site "Berlin"]
[Date "2014.02.04"]
[Round "6.66"]
[White "Heyne, Klaus"]
[Black "Jiranek, Benno"]
[Result "0-1"]
[WhiteElo "1047"]
[BlackElo "1328"]
[Annotator "Jaeger,André"]
[PlyCount "112"]
[EventDate "2014.01.30"]
[WhiteTeam "SV Berolina Mitte e.V."]
[BlackTeam "SC Kreuzberg e.V."]

1. d4 Nf6 2. c4 g6 3. Nc3 Bg7 4. e3 O-O 5. Nf3 d5 6. c5 c6 7. h3 Nbd7 8. Be2
Re8 9. O-O e5 10. Nxe5 Nxe5 11. dxe5 Rxe5 12. Bd2 Ne4 13. Nxe4 Rxe4 14. Bd3 Re8
15. Bc3 Bxc3 16. bxc3 Qa5 17. Be2 Qxc5 18. Qd4 Qxd4 19. cxd4 a5 20. a3 b6 21.
Rfe1 Ba6 22. Bxa6 Rxa6 23. Rac1 Rc8 24. Rc2 c5 25. dxc5 bxc5 26. Rd1 Rd6 27.
Rb2 d4 28. exd4 cxd4 29. Rd3 Kf8 30. Rbd2 Ke7 31. Rxd4 Rcd8 32. Re2+ Kf6 33.
Rxd6+ Rxd6 34. Re3 Re6 35. Kf1 Rxe3 36. fxe3 Ke5 37. Ke2 Kd5 38. Kd3 Kc5 39. e4
f6 40. g4 g5 41. Kc3 Kb5 42. Kb3 a4+ 43. Kc3 Kc5 44. Kd3 Kd6 45. Kc4 Ke5 46.
Kb4 Kxe4 47. Kxa4 f5 48. gxf5 Kxf5 49. Kb5 h5 50. a4 g4 51. hxg4+ hxg4 52. a5
g3 53. a6 g2 54. a7 g1=Q 55. a8=Q Qb1+ 56. Kc6 Qe4+ 0-1